000 00325nam a22001457a 4500
008 230123b ||||| |||| 00| 0 eng d
020 _a9781597563475
041 _aeng
080 _a61
082 _a61TAY
100 _a2
101 _aMJEKS
245 _aFITTING AND DISPENSING HEARING AIDS
_cTAYLOR B
942 _2udc
_cBK
999 _c59248
_d59248